| 000 | 00375 a2200169 4500 | ||
|---|---|---|---|
| 003 | Nust | ||
| 005 | 20170207154032.0 | ||
| 020 | _a0096003021 | ||
| 040 | _cNust | ||
| 082 | _a005.133 | ||
| 100 | _aThai, Thaun L. | ||
| 245 |
_a.NET framework essentials - (E-BOOK) _cThaun L. Thai |
||
| 250 | _a2nd | ||
| 260 |
_aNew York _bO'Reilly _c2002 |
||
| 300 | _a302 p. | ||
| 650 | _aE-BOOK | ||
| 942 |
_2ddc _cBK |
||
| 999 |
_c192189 _d192189 |
||